Guía de campo mariposas diurnas de la zona central cafetera colombiana (Registro nro. 4739)
[ vista simple ]
| 000 -CABECERA | |
|---|---|
| Campo de control | 00566nam a2200193 a 4500 |
| 005 - FECHA Y HORA DE LA ULTIMA TRANSACCION | |
| Campo de control | 20140317105500.0 |
| 008 - ELEMENTOS DE LONGITUD FIJA—INFORMACION GENERAL | |
| Campo de control | 140317b2005 ck ||||| |||| 00| 0 spa d |
| 041 ## - IDIOMA | |
| Código de idioma para texto/pista de sonido o título separado | Español |
| 044 ## - PAÍS DE PUBLICACIÓN | |
| País de publicación | Colombia |
| 090 ## - CLASIFICACIÓN LOCAL | |
| Colección | LB |
| Consecutivo | 04230 |
| 100 ## - ASIENTO PRINCIPAL--NOMBRE PERSONAL | |
| Nombre personal | Valencia Martínez, Camilo Andrés |
| 245 ## - MENCION DE TITULO | |
| Título | Guía de campo mariposas diurnas de la zona central cafetera colombiana |
| 260 ## - PUBLICACION, DISTRIBUCION, ETC. (PIE DE IMPRENTA) | |
| Lugar de publicación, distribución, etc. | Caldas |
| Nombre del editor, distribuidor, etc. | FNC |
| -- | CENICAFE |
| Fecha de publicación, distribución, etc. | 2005 |
| 300 ## - DESCRIPCION FISICA | |
| Extensión | 244 p. |
| 700 ## - ASIENTO SECUNDARIO - NOMBRE PERSONAL | |
| Nombre personal | Gil Palacio, Sulma Nancy |
| 700 ## - ASIENTO SECUNDARIO - NOMBRE PERSONAL | |
| Nombre personal | Constantino Ch., Luis Miguel |
| 942 ## - ELEMENTOS ADICIONALES (KOHA) | |
| Tipo de ítem | Impreso |
| Sistema de clasificación | Local |
| 945 ## - PROCESAMIENTO LOCAL | |
| AAAA-MM-DD - Fecha de ingreso o modificacion | 2005-0728 |
| Withdrawn status | Lost status | Sistema de Clasificación | Damaged status | No para préstamo | Colección | Inventariado | Ubicación Permanente | Ubicación actual | Fecha de adquisición | Fuente de Valor | Valor | Total Checkouts | Número topográfico | Inventario / Código de Barras | Date last seen | Ejemplar | Price effective from | Forma de adquisición | Tipo de material |
|---|---|---|---|---|---|---|---|---|---|---|---|---|---|---|---|---|---|---|---|
| Local | Entomología | Inventariado 2017 | Villa de Leyva | Villa de Leyva | 28/07/2005 | Instituto | 30000.00 | LB-04230 | 019558 | 04/12/2012 | Ej. 1 | 04/12/2012 | Libro |